Statistics for Piggy Book 2 Chapter 9: Docks quiz

Click here to take the quiz!

General Stats

  • This quiz has been taken 12 times
  • The average score is 7 of 15

Answer Stats

HintAnswer% Correct
the bot of this chapterMarkus
90%
Brought you guys thereBudgey
80%
Failed to defeat the botPony
80%
Who infected the botTIO
80%
Other name for 2 qaCrawling Trap
50%
Who did you meet in the hallTigry
50%
Mimi friend who lives thereKona
40%
One of qa above experimentsRobby
40%
what type of numbers were in the puzzleRoman
40%
Will spawn if you equip 5 eyesUmbra
40%
In what city is the docksDoveport
30%
Qa above also known asTemple
30%
Didnt like the goodluck 6 qa wished themWillow
30%
What is under 9 qa houseLab
20%
Who was 2 qaQueen Voila
10%

Score Distribution

Percentile by Number Answered

Percent of People with Each Score

Your Score History

You have not taken this quiz